[Event "EU-ch Online 2300+ Final"]
[Site "Chess.com INT"]
[Date "2020.05.30"]
[Round "5"]
[White "Castaldo, Folco"]
[Black "Arnaudov, Petar G"]
[Result "0-1"]
[WhiteElo "2421"]
[BlackElo "2471"]
[PlyCount "100"]
[EventDate "2020.05.30"]
[EventType "swiss"]
[EventRounds "8"]
[EventCountry "NET"]
[SourceTitle "CBM 196 Extra"]
[Source "ChessBase"]
[SourceDate "2020.07.31"]
[SourceVersion "1"]
[SourceVersionDate "2020.07.31"]
[SourceQuality "1"]

1. e4 e5 2. Nf3 Nc6 3. Bc4 Bc5 4. c3 Nf6 5. d3 h6 6. Bb3 d6 7. h3 a6 8. Nbd2 Ba7 9. Nf1 Be6 10. Bc2 Qd7 11. Ng3 0-0-0 12. Qe2 g5 13. Be3 Bxe3 14. Qxe3 d5 15. Nd2 d4 16. Qf3 Ne8 17. Nf5 Nd6 18. g4 h5 19. c4 Nb4 20. Bb1 c5 21. a3 Nc6 22. Bc2 b5 23. Rc1 Kb7 24. Nb3 Kb6 25. Nxc5 Kxc5 26. b4+ Nxb4 27. axb4+ Kxb4 28. cxb5 Nxb5 29. Rb1+ Kc5 30. Ba4 hxg4 31. hxg4 Rxh1+ 32. Qxh1 Qc7 33. Bxb5 Qa5+ 34. Ke2 axb5 35. Ra1 Qb4 36. Qc1+ Qc3 37. Qd1 Kb6 38. Rc1 Qa3 39. Kf3 Bc4 40. Ke2 Bb3 41. Qh1 Be6 42. Qd1 Rh8 43. Ra1 Qb2+ 44. Kf3 Rh2 45. Qg1 Rh3+ 46. Kg2 Rxd3 47. Qh2 Qxa1 48. Qxe5 Rd1 49. Qd6+ Ka5 50. Qc7+ Ka4 0-1

[Event "EU-ch Online 2300+ Final"]
[Site "Chess.com INT"]
[Date "2020.05.30"]
[Round "4"]
[White "Castaldo, Folco"]
[Black "Fataliyeva, Ulviyya Hasil Qizi"]
[Result "1-0"]
[WhiteElo "2421"]
[BlackElo "2301"]
[PlyCount "69"]
[EventDate "2020.05.30"]
[EventType "swiss"]
[EventRounds "8"]
[EventCountry "NET"]
[SourceTitle "CBM 196 Extra"]
[Source "ChessBase"]
[SourceDate "2020.07.31"]
[SourceVersion "1"]
[SourceVersionDate "2020.07.31"]
[SourceQuality "1"]

1. e4 e6 2. d4 d5 3. Nd2 a6 4. Bd3 c5 5. dxc5 Nf6 6. exd5 exd5 7. Nb3 Be7 8. Nf3 Bg4 9. 0-0 0-0 10. Bf4 Nc6 11. c3 Re8 12. Re1 Qd7 13. Be2 Ne4 14. Be3 Rad8 15. Nfd2 Bxe2 16. Rxe2 Qf5 17. Nf3 g5 18. Nfd4 Qg6 19. Nxc6 bxc6 20. Bd4 f5 21. f3 Nf6 22. Qd3 Nh5 23. g3 Qf7 24. Rae1 Rd7 25. Qxa6 Rc7 26. Re6 Rf8 27. Qe2 Bf6 28. Bxf6 Nxf6 29. Nd4 f4 30. g4 Nxg4 31. fxg4 f3 32. Qf2 Qf4 33. h3 h5 34. Rg6+ Kh7 35. Ne6 1-0

[Event "EU-ch Online 2300+ Final"]
[Site "Chess.com INT"]
[Date "2020.05.30"]
[Round "1"]
[White "Martirosyan, Haik M"]
[Black "Castaldo, Folco"]
[Result "1-0"]
[WhiteElo "2617"]
[BlackElo "2421"]
[PlyCount "131"]
[EventDate "2020.05.30"]
[EventType "swiss"]
[EventRounds "8"]
[EventCountry "NET"]
[SourceTitle "CBM 196 Extra"]
[Source "ChessBase"]
[SourceDate "2020.07.31"]
[SourceVersion "1"]
[SourceVersionDate "2020.07.31"]
[SourceQuality "1"]

1. d4 Nf6 2. Nf3 e6 3. c4 b6 4. Nc3 Bb7 5. Bg5 Be7 6. Qc2 h6 7. Bh4 c5 8. dxc5 bxc5 9. Rd1 d6 10. e3 Nc6 11. Be2 a6 12. 0-0 Qc7 13. Rd2 0-0 14. Rfd1 Rfd8 15. h3 Rab8 16. Bg3 Ne8 17. a3 Ba8 18. Ne4 Na5 19. Rb1 Nb3 20. Rdd1 Rb6 21. Ned2 Rdb8 22. Nxb3 Rxb3 23. Nd2 R3b6 24. b3 Bc6 25. Bf3 Qb7 26. Bxc6 Qxc6 27. e4 e5 28. Nf1 Qb7 29. Ne3 Rxb3 30. Ra1 Bg5 31. Nf5 Be7 32. f4 g6 33. Nxe7+ Qxe7 34. Kh2 Rb2 35. Qc1 R8b3 36. Rd2 Rxd2 37. Qxd2 exf4 38. Bxf4 g5 39. Qd1 Rb2 40. Bg3 Qxe4 41. Qf1 Re2 42. Rd1 h5 43. Kh1 h4 44. Re1 Rxe1 45. Bxe1 Ng7 46. Bc3 Nf5 47. Kh2 Qf4+ 48. Qxf4 gxf4 49. Bd2 Ne3 50. Kg1 Nxc4 51. Bxf4 Nxa3 52. Bxd6 Nb5 53. Bxc5 Kh7 54. Kf2 Kg6 55. Kf3 Nc3 56. Bf2 Kh5 57. Kf4 a5 58. Be1 Nd5+ 59. Ke5 Ne3 60. Bxa5 Nxg2 61. Ke4 Ne1 62. Bxe1 Kg5 63. Bd2+ Kh5 64. Kf4 f5 65. Be1 Kg6 66. Bxh4 1-0

[Event "EU-ch Online 2300+ Qual"]
[Site "Chess.com INT"]
[Date "2020.05.29"]
[Round "5"]
[White "Willow, Jonah B"]
[Black "Castaldo, Folco"]
[Result "1/2-1/2"]
[WhiteElo "2386"]
[BlackElo "2421"]
[PlyCount "126"]
[EventDate "2020.05.29"]
[EventType "swiss"]
[EventRounds "8"]
[EventCountry "NET"]
[SourceTitle "CBM 196 Extra"]
[Source "ChessBase"]
[SourceDate "2020.07.31"]
[SourceVersion "1"]
[SourceVersionDate "2020.07.31"]
[SourceQuality "1"]

1. e4 d5 2. Nc3 d4 3. Nce2 e5 4. Ng3 Be6 5. c3 c5 6. Bb5+ Nc6 7. Nf3 Bd6 8. Qe2 Nge7 9. Ng5 Qd7 10. Nxe6 fxe6 11. Nh5 0-0 12. Qg4 Ng6 13. d3 Rae8 14. 0-0 a6 15. Ba4 b5 16. Bc2 c4 17. Bg5 Bc5 18. Rad1 Rf7 19. Kh1 Ref8 20. f3 Be7 21. dxc4 bxc4 22. b3 Bxg5 23. Qxg5 Nf4 24. Nxf4 Rxf4 25. bxc4 Qd6 26. Ba4 h6 27. Qh5 Qc5 28. Bxc6 Qxc6 29. Qxe5 Qxc4 30. cxd4 Qxa2 31. d5 exd5 32. Qxd5+ Qxd5 33. Rxd5 Rxe4 34. Ra1 Re6 35. Rda5 Rff6 36. h3 Rg6 37. R1a2 Rb6 38. Kh2 Rgc6 39. Kg3 Kf7 40. Kf4 Rb4+ 41. Ke5 Rb5+ 42. Rxb5 axb5 43. Kd5 Rg6 44. Kc5 Rg5+ 45. Kb4 h5 46. Re2 Rd5 47. Re4 Kf6 48. g4 h4 49. Re8 g5 50. Rf8+ Ke5 51. Rf7 Kd4 52. Rf8 Ke3 53. Rf5 Kd4 54. Rf8 Re5 55. Rf7 Kd3 56. Rf5 Kd4 57. Rf8 Kd5 58. Rf7 Ke6 59. Rf8 Rd5 60. Rg8 Kf6 61. Rf8+ Ke5 62. Rf5+ Ke6 63. Rf8 Ke5 1/2-1/2

[Event "ITA-ch sf 78th"]
[Site "Alessandria"]
[Date "2018.07.26"]
[Round "6"]
[White "Castaldo, Folco"]
[Black "Gilevich, Artem"]
[Result "1-0"]
[WhiteElo "2431"]
[BlackElo "2408"]
[PlyCount "70"]
[EventDate "2018.07.21"]
[EventType "swiss"]
[EventRounds "9"]
[EventCountry "ITA"]
[SourceTitle "CBM 186 Extra"]
[Source "ChessBase"]
[SourceDate "2018.08.24"]
[SourceVersion "1"]
[SourceVersionDate "2018.08.24"]
[SourceQuality "1"]

1. Nf3 d5 2. b3 Bg4 3. e3 Nd7 4. h3 Bh5 5. Bb2 e6 6. c4 c6 7. Be2 Ngf6 8. 0-0 Bg6 9. cxd5 exd5 10. d3 Bc5 11. Nbd2 0-0 12. Nh4 Qe7 13. Nxg6 hxg6 14. a3 a5 15. Re1 Rfe8 16. Bf1 Nf8 17. Nf3 Ne6 18. g3 g5 19. Bg2 Nd7 20. Qc2 f6 21. d4 Bd6 22. e4 dxe4 23. Rxe4 Qf7 24. h4 Nb6 25. Rae1 gxh4 26. Nxh4 Ng5 27. Rxe8+ Rxe8 28. Rxe8+ Qxe8 29. Qd2 Qe6 30. d5 Nxd5 31. Qxa5 Kf7 32. Qd2 Nh3+ 33. Kf1 Ng5 34. Qd3 Be5 35. Bc1 Bb8 1-0

[Event "ITA-ch sf 78th"]
[Site "Alessandria"]
[Date "2018.07.25"]
[Round "5"]
[White "Lumachi, Gabriele"]
[Black "Castaldo, Folco"]
[Result "0-1"]
[WhiteElo "2106"]
[BlackElo "2431"]
[PlyCount "58"]
[EventDate "2018.07.21"]
[EventType "swiss"]
[EventRounds "9"]
[EventCountry "ITA"]
[SourceTitle "CBM 186 Extra"]
[Source "ChessBase"]
[SourceDate "2018.08.24"]
[SourceVersion "1"]
[SourceVersionDate "2018.08.24"]
[SourceQuality "1"]

1. e4 c6 2. d4 d5 3. e5 Bf5 4. Nf3 e6 5. Be2 c5 6. Be3 cxd4 7. Nxd4 Ne7 8. f4 Nbc6 9. Nd2 Nxd4 10. Bxd4 Nc6 11. Nf3 Be7 12. 0-0 0-0 13. Kh1 Rc8 14. c3 f6 15. exf6 Bxf6 16. Bxf6 Qxf6 17. Bb5 Bg4 18. Bxc6 bxc6 19. h3 Qh6 20. Kg1 Bh5 21. g4 Bg6 22. Ng5 e5 23. Qc1 exf4 24. Rxf4 Rf6 25. Rf1 Qh4 26. Qd2 Qg3+ 27. Kh1 Rcf8 28. Rxf6 gxf6 29. Rg1 Qh4 0-1

[Event "Bratto op 34th"]
[Site "Bratto"]
[Date "2014.08.29"]
[Round "8"]
[White "Castaldo, Folco"]
[Black "Stopa, Jacek"]
[Result "0-1"]
[WhiteElo "2436"]
[BlackElo "2498"]
[PlyCount "48"]
[EventDate "2014.08.22"]
[EventType "swiss"]
[EventRounds "9"]
[EventCountry "ITA"]
[SourceTitle "CBM 162 Extra"]
[Source "ChessBase"]
[SourceDate "2014.10.17"]
[SourceVersion "1"]
[SourceVersionDate "2014.10.17"]
[SourceQuality "1"]

1. g3 g6 2. Bg2 Bg7 3. d4 c5 4. dxc5 Na6 5. e4 Nxc5 6. Ne2 d6 7. 0-0 Bd7 8. Re1 Nf6 9. Nbc3 0-0 10. Nf4 Rc8 11. a4 Ng4 12. Nfd5 Ne5 13. h3 Re8 14. Ne3 Nc6 15. Ncd5 Nd4 16. Nc3 b6 17. Ra3 a5 18. Bd2 Bc6 19. b3 e6 20. Nc4 Qc7 21. Bf4 Red8 22. Be3 e5 23. Ne2 d5 24. Nxd4 dxc4 0-1

[Event "Bratto op 34th"]
[Site "Bratto"]
[Date "2014.08.28"]
[Round "7"]
[White "Sulava, Nenad"]
[Black "Castaldo, Folco"]
[Result "1/2-1/2"]
[WhiteElo "2462"]
[BlackElo "2436"]
[PlyCount "53"]
[EventDate "2014.08.22"]
[EventType "swiss"]
[EventRounds "9"]
[EventCountry "ITA"]
[SourceTitle "CBM 162 Extra"]
[Source "ChessBase"]
[SourceDate "2014.10.17"]
[SourceVersion "1"]
[SourceVersionDate "2014.10.17"]
[SourceQuality "1"]

1. d4 d6 2. e4 g6 3. Nf3 Bg7 4. Be3 Nd7 5. c4 e5 6. Nc3 Ngf6 7. Be2 0-0 8. 0-0 exd4 9. Nxd4 Re8 10. f3 c6 11. Nc2 Nb6 12. Kh1 Be6 13. Na3 Nh5 14. f4 Nf6 15. Bd4 Bc8 16. Bf3 Be6 17. Qd3 Rc8 18. Rad1 Rc7 19. b3 Rce7 20. Nc2 Qc8 21. Ne3 Qc7 22. f5 Bc8 23. Bxf6 Bxf6 24. Ng4 Be5 25. Qe3 f6 26. fxg6 Bxg4 27. Bxg4 1/2-1/2

[Event "Bratto op 33rd"]
[Site "Bratto"]
[Date "2013.08.23"]
[Round "7"]
[White "Madiai, Federico"]
[Black "Castaldo, Folco"]
[Result "1/2-1/2"]
[WhiteElo "2203"]
[BlackElo "2433"]
[PlyCount "41"]
[EventDate "2013.08.17"]
[EventType "swiss"]
[EventRounds "9"]
[EventCountry "ITA"]
[SourceTitle "CBM 156 Extra"]
[Source "ChessBase"]
[SourceDate "2013.10.22"]
[SourceVersion "1"]
[SourceVersionDate "2013.10.22"]
[SourceQuality "1"]

1. e4 g6 2. d4 Bg7 3. c4 d6 4. Nc3 f5 5. Nf3 Nf6 6. Bd3 fxe4 7. Nxe4 0-0 8. Nxf6+ exf6 9. h4 Bg4 10. h5 Nc6 11. hxg6 Qe8+ 12. Kf1 hxg6 13. d5 Ne5 14. Be2 Bxf3 15. gxf3 f5 16. f4 Ng4 17. Bxg4 fxg4 18. Qd3 Qf7 19. Be3 Rae8 20. Rd1 Qf5 21. Qxf5 1/2-1/2

[Event "Bratto op-B 32nd"]
[Site "Bratto"]
[Date "2012.08.24"]
[Round "7"]
[White "Castaldo, Folco"]
[Black "Gioseffi, Massimiliano"]
[Result "1/2-1/2"]
[WhiteElo "2432"]
[BlackElo "2128"]
[PlyCount "106"]
[EventDate "2012.08.18"]
[EventType "swiss"]
[EventRounds "9"]
[EventCountry "ITA"]
[SourceTitle "EXT 2014"]
[Source "ChessBase"]
[SourceDate "2013.11.20"]
[SourceVersion "1"]
[SourceVersionDate "2013.11.20"]
[SourceQuality "1"]

1. e4 e6 2. f4 d5 3. e5 c5 4. Nf3 Nc6 5. c3 Nh6 6. Na3 Be7 7. Nc2 0-0 8. d4 cxd4 9. cxd4 f6 10. Be2 Qa5+ 11. Bd2 Qb6 12. Bc3 Bd7 13. 0-0 fxe5 14. fxe5 Nf7 15. Kh1 Ng5 16. Nxg5 Bxg5 17. Qd3 Qd8 18. Qh3 Qe7 19. Bd3 g6 20. a3 Rxf1+ 21. Rxf1 Rf8 22. g3 Rxf1+ 23. Qxf1 Qf8 24. Qe2 Qh6 25. Kg2 Qh5 26. Qf1 Qh6 27. Qf2 Qf8 28. Qe2 Qh6 29. h4 Bd8 30. Ne3 Qg7 31. Ng4 h5 32. Nh2 Bb6 33. Nf3 Be8 34. g4 Bd8 35. g5 Qf7 36. Bd2 Ne7 37. Be3 Nf5 38. Bf2 Bd7 39. Qc2 Bb6 40. Qc3 Kg7 41. Qb4 Qe7 42. Qxe7+ Nxe7 43. Ng1 Ba4 44. Ne2 Bd1 45. Nf4 Bg4 46. Bb5 Bf5 47. Bd7 Kf7 48. Kf3 Nc6 49. Bxc6 bxc6 50. Ke2 Ke7 51. Kd2 Kd7 52. Ne2 Kc7 53. Nc3 Ba5 1/2-1/2

[Event "Bratto op 32nd"]
[Site "Bratto"]
[Date "2012.08.21"]
[Round "4"]
[White "Bresciani, Nicola"]
[Black "Castaldo, Folco"]
[Result "1/2-1/2"]
[WhiteElo "2255"]
[BlackElo "2432"]
[PlyCount "63"]
[EventDate "2012.08.18"]
[EventType "swiss"]
[EventRounds "9"]
[EventCountry "ITA"]
[SourceTitle "CBM 150 Extra"]
[Source "ChessBase"]
[SourceDate "2012.10.19"]
[SourceVersion "1"]
[SourceVersionDate "2012.10.19"]
[SourceQuality "1"]

1. e4 c5 2. Nf3 Nc6 3. d4 cxd4 4. Nxd4 g6 5. c4 Bg7 6. Be3 Nf6 7. Nc3 0-0 8. Be2 d6 9. 0-0 Nxd4 10. Bxd4 Bd7 11. Qd2 Bc6 12. f3 a5 13. Rfd1 a4 14. b4 axb3 15. axb3 Nd7 16. Bxg7 Kxg7 17. Qd4+ Kg8 18. b4 Rxa1 19. Rxa1 Qb6 20. Qxb6 Nxb6 21. b5 Bd7 22. Nd5 Nxd5 23. cxd5 Rc8 24. Ra7 Rb8 25. Kf2 Kf8 26. b6 e6 27. Bd3 Ke7 28. Ke3 exd5 29. exd5 Kf6 30. Kd4 Bf5 31. Bb5 h5 32. h4 1/2-1/2

[Event "ITA-chT"]
[Site "Arvier"]
[Date "2012.04.30"]
[Round "5"]
[White "Castaldo, Folco"]
[Black "Lenic, Luka"]
[Result "0-1"]
[WhiteElo "2417"]
[BlackElo "2637"]
[PlyCount "66"]
[EventDate "2012.04.27"]
[EventType "team-swiss"]
[EventRounds "7"]
[EventCountry "ITA"]
[SourceTitle "CBM 148 Extra"]
[Source "ChessBase"]
[SourceDate "2012.06.22"]
[SourceVersion "1"]
[SourceVersionDate "2012.06.22"]
[SourceQuality "1"]
[WhiteTeam "Eporediese Ivrea"]
[BlackTeam "Triestina"]
[WhiteTeamCountry "ITA"]
[BlackTeamCountry "ITA"]

1. e4 c5 2. Nf3 Nc6 3. Bb5 Nf6 4. Bxc6 dxc6 5. d3 g6 6. h3 Bg7 7. Nc3 Nd7 8. Be3 e5 9. Qd2 Qe7 10. Ng1 Nf8 11. Nge2 Ne6 12. 0-0 0-0 13. f4 exf4 14. Nxf4 Nd4 15. Rae1 Bd7 16. Nce2 b6 17. Nxd4 cxd4 18. Bf2 Qg5 19. Kh1 f5 20. Bg1 c5 21. Rf2 fxe4 22. Rxe4 Rae8 23. Rxe8 Rxe8 24. b3 Bc6 25. Re2 Be5 26. Bh2 Rf8 27. Rf2 Qe7 28. Qe2 Qd6 29. Qg4 h5 30. Qe2 g5 31. Ne6 Rxf2 32. Qxf2 Qxe6 33. Qe2 Qxh3 0-1

[Event "ITA-chT"]
[Site "Arvier"]
[Date "2012.04.30"]
[Round "6"]
[White "Salvador, Roland"]
[Black "Castaldo, Folco"]
[Result "0-1"]
[WhiteElo "2502"]
[BlackElo "2417"]
[PlyCount "64"]
[EventDate "2012.04.27"]
[EventType "team-swiss"]
[EventRounds "7"]
[EventCountry "ITA"]
[SourceTitle "CBM 148 Extra"]
[Source "ChessBase"]
[SourceDate "2012.06.22"]
[SourceVersion "1"]
[SourceVersionDate "2012.06.22"]
[SourceQuality "1"]
[WhiteTeam "Torveca"]
[BlackTeam "Eporediese Ivrea"]
[WhiteTeamCountry "ITA"]
[BlackTeamCountry "ITA"]

1. d4 e6 2. Nf3 f5 3. Bf4 Nf6 4. h3 b6 5. e3 Bb7 6. Be2 Bd6 7. Ne5 0-0 8. Nc3 Bb4 9. 0-0 Bxc3 10. bxc3 d6 11. Nd3 Nbd7 12. Bh2 Qe7 13. Nf4 Nd5 14. Nxd5 Bxd5 15. c4 Bb7 16. Bf3 Be4 17. Bxe4 fxe4 18. Qg4 Nf6 19. Qf4 Rae8 20. a4 e5 21. Qg3 Qf7 22. d5 a5 23. Qh4 Qg6 24. Bg3 Rf7 25. Bh2 Ref8 26. Ra2 h6 27. Raa1 Qf5 28. Rab1 Kh7 29. Rb5 Nd7 30. Bg3 Nc5 31. Rxc5 bxc5 32. Kh2 Rb8 0-1

[Event "Piverone op 1st"]
[Site "Piverone"]
[Date "2012.03.11"]
[Round "5"]
[White "Castaldo, Folco"]
[Black "Chiarotto, Filippo"]
[Result "1-0"]
[WhiteElo "2417"]
[BlackElo "2082"]
[PlyCount "53"]
[EventDate "2012.03.09"]
[EventType "swiss"]
[EventRounds "5"]
[EventCountry "ITA"]
[SourceTitle "EXT 2014"]
[Source "ChessBase"]
[SourceDate "2013.11.20"]
[SourceVersion "1"]
[SourceVersionDate "2013.11.20"]
[SourceQuality "1"]

1. e4 e5 2. Nc3 Nf6 3. g3 Bb4 4. Bg2 0-0 5. Nge2 c6 6. 0-0 d5 7. exd5 cxd5 8. a3 Be7 9. d4 e4 10. Bf4 Nc6 11. Qd2 Be6 12. Rad1 Qd7 13. Be5 Ng4 14. Nf4 Bg5 15. Qe2 Ngxe5 16. dxe5 Nxe5 17. Nxe6 fxe6 18. Nxe4 Be7 19. Nc3 Nc6 20. Bh3 Rf6 21. Nxd5 Qxd5 22. Rxd5 exd5 23. Be6+ Kh8 24. Bxd5 Bc5 25. Bxc6 bxc6 26. Kg2 Rd8 27. b4 1-0

[Event "Piverone op 1st"]
[Site "Piverone"]
[Date "2012.03.10"]
[Round "3"]
[White "Castaldo, Folco"]
[Black "Benenati, Gianfranco"]
[Result "1-0"]
[WhiteElo "2417"]
[BlackElo "1874"]
[PlyCount "127"]
[EventDate "2012.03.09"]
[EventType "swiss"]
[EventRounds "5"]
[EventCountry "ITA"]
[SourceTitle "EXT 2014"]
[Source "ChessBase"]
[SourceDate "2013.11.20"]
[SourceVersion "1"]
[SourceVersionDate "2013.11.20"]
[SourceQuality "1"]

1. e4 e5 2. Nc3 Nf6 3. Bc4 Bc5 4. d3 Nc6 5. Bg5 h6 6. Bh4 g5 7. Bg3 d6 8. Na4 Bb4+ 9. c3 Ba5 10. b4 Bb6 11. h4 g4 12. Qb3 Qe7 13. h5 Be6 14. Bh4 Bxc4 15. Qxc4 0-0 16. Ne2 Qe6 17. Ng3 Ne7 18. Nxb6 cxb6 19. Qxe6 fxe6 20. Bxf6 Rxf6 21. Rh4 b5 22. Rxg4+ Kh7 23. a4 bxa4 24. Rxa4 d5 25. Ne2 a6 26. f3 Rc8 27. Rh4 Rf7 28. Rh1 Rg7 29. Kf2 Nc6 30. Rb1 Na7 31. Rc1 Rgc7 32. Ke3 Nb5 33. Kd2 Kg7 34. Raa1 Kf6 35. Rc2 Rg8 36. g3 Nd6 37. Rg1 Rf7 38. Rcc1 Ke7 39. exd5 exd5 40. f4 e4 41. Rce1 Kd7 42. Nd4 exd3 43. Nf3 Nc4+ 44. Kxd3 Rfg7 45. Ne5+ Nxe5+ 46. Rxe5 Rxg3+ 47. Rxg3 Rxg3+ 48. Kd4 Rg4 49. Rxd5+ Ke6 50. Re5+ Kf6 51. Ke4 Rg3 52. Rc5 Rg7 53. Rf5+ Ke6 54. Re5+ Kf6 55. Rd5 Re7+ 56. Kd4 Re6 57. c4 Rc6 58. Rd7 Kf5 59. Rxb7 Kxf4 60. c5 Rc8 61. Rb6 Kg5 62. Rxa6 Kxh5 63. b5 Kg5 64. b6 1-0

[Event "Torino Province-ch"]
[Site "Torino"]
[Date "2012.02.28"]
[Round "2"]
[White "Baruffa, Marino"]
[Black "Castaldo, Folco"]
[Result "0-1"]
[WhiteElo "1918"]
[BlackElo "2417"]
[PlyCount "70"]
[EventDate "2012.02.21"]
[EventType "swiss"]
[EventRounds "7"]
[EventCountry "ITA"]
[SourceTitle "EXT 2015"]
[Source "ChessBase"]
[SourceDate "2014.11.20"]
[SourceVersion "1"]
[SourceVersionDate "2014.11.20"]
[SourceQuality "1"]

1. e4 c5 2. Nf3 Nc6 3. d4 cxd4 4. Nxd4 g6 5. Be3 Nf6 6. Nc3 Bg7 7. Be2 0-0 8. f4 d6 9. 0-0 Qb6 10. Rb1 Nxe4 11. Nf5 Nxc3 12. bxc3 Qc7 13. Nxg7 Kxg7 14. h4 Be6 15. Rb2 Rac8 16. Rf3 b6 17. Rg3 f6 18. Bg4 Qd7 19. Be2 Na5 20. h5 Bf5 21. hxg6 hxg6 22. Qd4 Qe6 23. Rb5 Rc5 24. Rg5 Nc6 25. Qd2 fxg5 26. Bxc5 dxc5 27. Bf3 Rd8 28. Qf2 gxf4 29. Rb1 Ne5 30. Bb7 g5 31. Re1 Qf6 32. Qe2 Ng6 33. Bf3 Qxc3 34. Bh5 Rd2 35. Qb5 Qd4+ 0-1

[Event "Ivrea op 15th"]
[Site "Ivrea"]
[Date "2011.04.03"]
[Round "4"]
[White "Castaldo, Folco"]
[Black "Ranieri, Fabrizio"]
[Result "1/2-1/2"]
[WhiteElo "2420"]
[BlackElo "2283"]
[PlyCount "21"]
[EventDate "2011.04.01"]
[EventType "swiss"]
[EventRounds "5"]
[EventCountry "ITA"]
[SourceTitle "EXT 2024"]
[Source "ChessBase"]
[SourceDate "2023.10.10"]
[SourceVersion "1"]
[SourceVersionDate "2023.10.10"]
[SourceQuality "1"]

1. Nf3 d5 2. g3 Nf6 3. Bg2 e6 4. 0-0 Be7 5. d4 0-0 6. Nbd2 c5 7. c4 Nc6 8. cxd5 exd5 9. dxc5 Bxc5 10. Nb3 Be7 11. Be3 1/2-1/2

[Event "Ivrea op 15th"]
[Site "Ivrea"]
[Date "2011.04.03"]
[Round "5"]
[White "Zunino, Davide"]
[Black "Castaldo, Folco"]
[Result "0-1"]
[WhiteElo "1990"]
[BlackElo "2420"]
[PlyCount "68"]
[EventDate "2011.04.01"]
[EventType "swiss"]
[EventRounds "5"]
[EventCountry "ITA"]
[SourceTitle "EXT 2024"]
[Source "ChessBase"]
[SourceDate "2023.10.10"]
[SourceVersion "1"]
[SourceVersionDate "2023.10.10"]
[SourceQuality "1"]

1. d4 f5 2. Bf4 Nf6 3. e3 b6 4. Nd2 Bb7 5. Ngf3 e6 6. Bd3 Be7 7. h3 0-0 8. g4 Nd5 9. Bh2 Bh4 10. Qe2 Nb4 11. a3 Nxd3+ 12. cxd3 d6 13. Rg1 Be7 14. g5 Nd7 15. 0-0-0 c5 16. Kb1 b5 17. h4 a5 18. g6 h6 19. Ng5 Rf6 20. Nh7 cxd4 21. Nxf6+ Nxf6 22. exd4 Qd7 23. Rge1 Bd5 24. Bf4 b4 25. Nc4 Rb8 26. b3 a4 27. Qa2 bxa3 28. Bc1 Bf3 29. Rd2 Nd5 30. Ka1 axb3 31. Qxa3 Nc3 32. Kb2 Nb5 33. Qa5 Bf6 34. Nb6 Bxd4+ 0-1

[Event "Ivrea op 15th"]
[Site "Ivrea"]
[Date "2011.04.01"]
[Round "1"]
[White "Isoardi, Luigi"]
[Black "Castaldo, Folco"]
[Result "0-1"]
[WhiteElo "1762"]
[BlackElo "2420"]
[PlyCount "112"]
[EventDate "2011.04.01"]
[EventType "swiss"]
[EventRounds "5"]
[EventCountry "ITA"]
[SourceTitle "EXT 2024"]
[Source "ChessBase"]
[SourceDate "2023.10.10"]
[SourceVersion "1"]
[SourceVersionDate "2023.10.10"]
[SourceQuality "1"]

1. d4 f5 2. Nf3 e6 3. c4 Nf6 4. e3 b6 5. Bd3 Bb7 6. Nbd2 Bb4 7. 0-0 0-0 8. a3 Bxd2 9. Bxd2 d6 10. Ng5 Qe8 11. Be2 Nbd7 12. Bf3 Ne4 13. Nxe4 fxe4 14. Be2 Qg6 15. Bc3 Rf5 16. d5 h5 17. dxe6 Nc5 18. b4 Nxe6 19. Kh1 Raf8 20. Be1 R8f6 21. Ra2 Qg5 22. Rg1 Rg6 23. Bf1 Qf6 24. g3 Ng5 25. Bg2 Nf3 26. Bxf3 Rxf3 27. Qd4 Qxd4 28. exd4 e3 29. d5 b5 30. fxe3 Rxe3 31. Bf2 Rd3 32. Bxa7 bxc4 33. Re1 Bxd5+ 34. Kg1 Re6 35. Rxe6 Bxe6 36. Kf2 c3 37. Re2 Bg4 38. Re1 c2 39. Be3 Rxa3 40. Bc1 Rb3 41. Bd2 Rf3+ 42. Kg2 Rd3 43. Bf4 Kf7 44. h3 Bd1 45. Bg5 Rc3 46. Re7+ Kf8 47. Re1 c1Q 48. Bxc1 Rxc1 49. Kg1 Rb1 50. b5 Bc2 51. Rxb1 Bxb1 52. Kf2 Bd3 53. Ke3 Bxb5 54. Kd4 Ke7 55. g4 h4 56. g5 Bd7 0-1

[Event "EU-ch rapid"]
[Site "Warsaw"]
[Date "2010.12.18"]
[Round "4"]
[White "Tkachiev, Vladislav"]
[Black "Castaldo, Folco"]
[Result "1-0"]
[WhiteElo "2636"]
[BlackElo "2419"]
[PlyCount "93"]
[EventDate "2010.12.18"]
[EventType "swiss (rapid)"]
[EventRounds "13"]
[EventCountry "POL"]
[SourceTitle "CBM 139 Extra"]
[Source "ChessBase"]
[SourceDate "2011.01.05"]
[SourceVersion "1"]
[SourceVersionDate "2011.01.05"]
[SourceQuality "1"]

1. d4 e6 2. Nf3 f5 3. g3 Nf6 4. Bg2 Be7 5. 0-0 0-0 6. c4 d6 7. b3 Ne4 8. Bb2 Bf6 9. Nbd2 Nc6 10. e3 Nxd2 11. Nxd2 Bd7 12. f4 Qe7 13. Nf3 Rad8 14. Re1 Qf7 15. Qe2 Rfe8 16. Rad1 a5 17. a3 d5 18. Bc3 Be7 19. Qb2 Qf8 20. Ra1 Kh8 21. cxd5 exd5 22. Ne5 Nxe5 23. dxe5 Be6 24. Bxa5 b6 25. Bc3 c5 26. b4 Ra8 27. Rad1 Qf7 28. Rd3 Ra7 29. Red1 Rd7 30. Bf3 Red8 31. Qd2 c4 32. Rd4 b5 33. Qg2 h6 34. g4 fxg4 35. Bxg4 Ra7 36. f5 Bc8 37. Bb2 c3 38. e6 Qf8 39. Bxc3 Rxa3 40. Qb2 Rxc3 41. Qxc3 Bf6 42. Qc7 Re8 43. Bh5 Bxd4 44. Rxd4 Qxf5 45. Bxe8 Bxe6 46. Qf4 Qb1+ 47. Qf1 1-0

[Event "Torino-ch"]
[Site "Torino "]
[Date "2010.12.05"]
[Round "7"]
[White "Gallucci, Alessio"]
[Black "Castaldo, Folco"]
[Result "1/2-1/2"]
[WhiteElo "2185"]
[BlackElo "2419"]
[PlyCount "128"]
[EventDate "2010.11.08"]
[EventType "swiss"]
[EventRounds "7"]
[EventCountry "ITA"]
[SourceTitle "EXT 2012"]
[Source "ChessBase"]
[SourceDate "2011.11.24"]
[SourceVersion "1"]
[SourceVersionDate "2011.11.24"]
[SourceQuality "1"]

1. e4 c5 2. Nf3 g6 3. d4 cxd4 4. Nxd4 Nc6 5. c4 Nf6 6. Nc3 Nxd4 7. Qxd4 d6 8. Be3 Bg7 9. f3 0-0 10. Qd2 a5 11. Be2 a4 12. 0-0 Qa5 13. Rab1 Be6 14. Rfc1 Rfc8 15. b4 axb3 16. axb3 Qb4 17. Bf1 Nd7 18. Nb5 Qxd2 19. Bxd2 f5 20. Bg5 Kf7 21. Re1 h6 22. exf5 gxf5 23. Be3 Ne5 24. h3 Ra2 25. Bd4 Bf6 26. c5 Bd5 27. Bxe5 dxe5 28. Nc3 Rd2 29. Nxd5 Rxd5 30. Bc4 Rcxc5 31. Bxd5+ Rxd5 32. Red1 Rb5 33. Kf1 h5 34. Rdc1 h4 35. b4 Ke6 36. Rc5 Rb6 37. Ke2 Bg5 38. Rb2 Bf4 39. Rc8 Kd5 40. Rc5+ Kd6 41. Rc8 Kd5 42. Rf8 Ke6 43. Rh8 Bg5 44. Rg8 Bf6 45. Rb1 Kf7 46. Rc8 Ke6 47. Rd8 Bg5 48. b5 Bf4 49. Kd3 Rd6+ 50. Rxd6+ exd6 51. Ra1 Kd5 52. Ra7 b6 53. Rc7 e4+ 54. Ke2 Ke5 55. Rc6 d5 56. Rxb6 d4 57. fxe4 fxe4 58. Rb8 d3+ 59. Kd1 e3 60. Re8+ Kd4 61. b6 e2+ 62. Ke1 Bg3+ 63. Kd2 Bf4+ 64. Ke1 Bg3+ 1/2-1/2